| Tag |
First Indicator |
Second Indicator |
Subfields |
| LEADER |
00000nai a2200000 i 4500 |
| 001 |
in00004744521 |
| 006 |
m o d f |
| 007 |
cr m|||||||||| |
| 008 |
230720c20219999dcu x w o f0 2eng c |
| 005 |
20230928185145.5 |
| 010 |
|
|
|a 2023234783
|
| 035 |
|
|
|a (OCoLC)on1390820211
|
| 040 |
|
|
|a GPO
|b eng
|e rda
|e pn
|c GPO
|d MvI
|
| 042 |
|
|
|a pcc
|
| 043 |
|
|
|a n-us---
|
| 049 |
|
|
|a WWW
|
| 074 |
|
|
|a 0807-A-09 (online)
|
| 086 |
0 |
|
|a LC 14.24:IF 11948/
|
| 100 |
1 |
|
|a Clark, Corrie E.,
|0 https://id.loc.gov/authorities/names/no2018139727
|e author.
|
| 245 |
1 |
0 |
|a DOE Office of Energy Efficiency and Renewable Energy FY2022 appropriations /
|c Corrie E. Clark, Melissa N. Diaz.
|
| 246 |
1 |
|
|a Department of Energy Office of Energy Efficiency and Renewable Energy fiscal year 2022 appropriations
|
| 250 |
|
|
|a [Library of Congress public edition].
|
| 264 |
|
1 |
|a [Washington, D.C.] :
|b Congressional Research Service,
|c 2021-
|
| 300 |
|
|
|a 1 online resource.
|
| 310 |
|
|
|a Updated irregularly
|
| 336 |
|
|
|a text
|b txt
|2 rdacontent
|
| 337 |
|
|
|a computer
|b c
|2 rdamedia
|
| 338 |
|
|
|a online resource
|b cr
|2 rdacarrier
|
| 490 |
1 |
|
|a IF ;
|v 11948
|
| 500 |
|
|
|a The CRS web page provides access to all versions published since 2018 in accordance with P.L. 115-141.
|
| 500 |
|
|
|a In scope of the U.S. Government Publishing Office Cataloging and Indexing Program (C&I) and Federal Depository Library Program (FDLP).
|
| 500 |
|
|
|a GPO Cataloging Record Distribution Program (CRDP).
|
| 588 |
0 |
|
|a Contents viewed July 11, 2023; title from CRS web page.
|
| 610 |
1 |
0 |
|a United States.
|b Department of Energy.
|b Office of Energy Efficiency and Renewable Energy
|x Appropriations and expenditures.
|
| 700 |
1 |
|
|a Diaz, Melissa N.,
|0 https://id.loc.gov/authorities/names/no2022047399
|e author.
|
| 710 |
2 |
|
|a Library of Congress.
|b Congressional Research Service,
|0 https://id.loc.gov/authorities/names/n79061321
|e issuing body.
|
| 773 |
0 |
8 |
|i Contained in (work):
|t CRS reports (Library of Congress. Congressional Research Service)
|w (DLC) 2018231131
|w (OCoLC)1052784408
|
| 830 |
|
0 |
|a In focus (Library of Congress. Congressional Research Service) ;
|0 https://id.loc.gov/authorities/names/no2019061270
|v IF11948.
|
| 856 |
4 |
0 |
|u https://purl.fdlp.gov/GPO/gpo214445
|t 0
|
| 999 |
f |
f |
|s f4979d89-c079-43c6-9b0e-8bc222d88515
|i 0e0496c3-032e-4fcd-b1b1-df0be448ca67
|t 0
|
| 952 |
f |
f |
|a Texas A&M University
|b College Station
|c Electronic Resources
|d Available Online
|t 0
|e LC 14.24:IF 11948/
|h Superintendent of Documents classification
|
| 998 |
f |
f |
|a LC 14.24:IF 11948/
|t 0
|l Available Online
|